000 00534 a2200181 4500
003 OSt
005 20231103140129.0
008 231103b |||||||| |||| 00| 0 eng d
020 _a9789582934974
040 _coclc
082 _a894.8125
_bKUT/C
100 _aKuttikkulam, Latheef
_92073
245 _aCH INTE THIRENJEDUTHA NIYAMASABHA PRASANGAGAL /
_cLatheef Kuttikkulam
250 _a2nd ed.
260 _aKerala:
_bOlive,
_c2019.
300 _a356p
942 _2ddc
_cBK
_h894.8125
_iKUT/C
_k894.8125
_mKUT/C
999 _c42788
_d42788